00285nam a2200133Ia 45000030006000000080041000060400015000471000020000622450023000822600009001053000006001145460014001200050017001340STCL150530s9999 xx 000 0 und d aSTCLcSTCL aDamodaran, P.S. aJeevithayathanagal c1946 a0 aMalayalam20220125171637.0